000 00273nam a22001217a 4500
003 SGT
082 _a200
_bB08S
100 _aSINGH, BALMIKI PRASAD
245 _aBAHUDHA AND THE POST 9/11 WORLD
260 _bOXFORD UNIVERSITY PRESS
_c2008
300 _a370
942 _2ddc
_cBK
999 _c31779
_d31779